00342nam a2200121Ia 4500008004100000041000800041082001400049100002400063245004500087260004400132300003300176365001100209240624s9999 xx 000 0 und d aeng a658.4 DAS aDAS SUBHASH CHANDRA aCORPORATE GOVERNANCE CODES SYSTEMS STAND c2009aNew DelhibPrentice-Hall of India axviii, : 362 : p. : cm. ; 23 cRSb30